U.S. States With Shared Words - Statistics

General Stats
  • This quiz has been taken 44 times
  • The average score is 10 of 10
Answer Stats
State % Correct
North Dakota
100%
New Jersey
97%
New York
97%
North Carolina
97%
South Dakota
97%
New Mexico
95%
South Carolina
95%
West Virginia
95%
Virginia
92%
New Hampshire
89%
No matching quizzes found
Score Distribution
Percent of People with Each Score
Percentile by Number Answered
Your Score History
You have not taken this quiz